| 000 | 00711nam a22002297a 4500 | ||
|---|---|---|---|
| 003 | BD-DhJNU | ||
| 005 | 20250427045155.0 | ||
| 008 | 250427b |||||||| |||| 00| 0 eng d | ||
| 020 | _a984300000965 | ||
| 040 |
_aBD-DhJNU _bENG _cBD-DhJNU _dBD-DhJNU |
||
| 082 |
_223 _a393.8 MOC |
||
| 245 |
_aCultural history / _cedited by K. M. Mohsin and Sharif Uddin Ahmed |
||
| 260 |
_aDhaka : _bAsiatic society of Bangladesh, _c2007. |
||
| 300 |
_axxxi, 646p. : _bill. ; _c28 cm. |
||
| 490 | _aCultural Survey of Bangladesh Series-4 | ||
| 504 | _aIncludes index | ||
| 650 | _aCulture history | ||
| 650 | _aHistory | ||
| 700 |
_aMohsin, K. M _eeditor |
||
| 700 |
_aAhmed, Sharif Uddin _eeditor |
||
| 942 |
_2ddc _cBK _n0 |
||
| 999 |
_c1619 _d1619 |
||